Complete the animated movie title p3 - Statistics

General Stats
  • This quiz has been taken 47 times
  • The average score is 13 of 15
Answer Stats
Hint Answer % Correct
Alpha and _____ Omega
97%
The ____ to El Dorado Road
94%
Two by ___ Two
94%
_________ Mr Fox Fantastic
91%
Over the _____ Hedge
91%
The ____ of Life Book
88%
Sherlock _____ Gnomes
88%
Smurfs: The Lost _______ Village
85%
Capture the ____ Flag
82%
Horton _____ a Who Hears
82%
The ______ Corgi Queen’s
82%
Open ______ Season
79%
My _________ Totoro Neighbour
76%
Kubo and the two _______ Strings
74%
______ Christmas Arthur
71%
No matching quizzes found
Score Distribution
Percent of People with Each Score
Percentile by Number Answered
Your Score History
You have not taken this quiz